Tư tưởng Hồ Chí Minh về dân chủ và sự vận dụng của Đảng ta trong công cuộc đổi mới hiện nay /

保存先:
書誌詳細
第一著者: Đỗ Thị Kim Hoa
フォーマット: 論文
言語:Vietnamese
主題:
タグ: タグ追加
タグなし, このレコードへの初めてのタグを付けませんか!
Thư viện lưu trữ: Thư viện Trường Đại học Đà Lạt
LEADER 00860nam a2200265 4500
001 DLU140164215
005 ##20140918
040 # # |a DLU  |b vie 
041 # # |a vie 
044 # # |a vn 
100 # # |a Đỗ Thị Kim Hoa 
245 # # |a Tư tưởng Hồ Chí Minh về dân chủ và sự vận dụng của Đảng ta trong công cuộc đổi mới hiện nay /  |c Đỗ Thị Kim Hoa 
653 # # |a Công cuộc đổi mới 
653 # # |a Dân chủ 
653 # # |a Tư tưởng Hồ Chí Minh 
773 # # |t Tạp chí Khoa học Xã hội Việt Nam  |g Số 3(64), 2013, tr. 36-43 
920 # # |a Phòng Tạp chí -- Trung tâm Thông tin - Thư viện Trường Đại học Đà Lạt 
994 # # |a DLU 
900 # # |a True 
911 # # |a Nguyễn Thị Tưởng 
925 # # |a G 
926 # # |a A 
927 # # |a BB 
980 # # |a Thư viện Trường Đại học Đà Lạt